Vida y obra de Medrano : edición crítica de sus obras /

Nacido en Sevilla hacia el año 1569, el poeta andaluz Francisco de Medrano ingresó a la Compañía de Jesús en 1584 y abanadonó la vida religiosa 18 años después, para retirarse a una propiedad campestre donde se dedicó al estudio y la meditación. La poesía del sevillano muestra una fuerte influencia...

Fuld beskrivelse

Guardado en:
Bibliografiske detaljer
Hovedforfatter: Medrano, Francisco de (autor)
Andre forfattere: Alonso, Dámaso (edición) (edición), Reckert, Stephen (edición) (edición)
Format: Bog
Sprog:spansk
Fag:
Tags: Tilføj Tag
Ingen Tags, Vær først til at tagge denne postø!

MARC

LEADER 00000nam^a2200000^a^4500
001 000156917
005 20250521000000.0
009 20260310100521.684
037 |a Acervo ITESO - Biblioteca 
041 |a ESP 
082 |a 868.  |b VID V. 2 
100 |a Medrano, Francisco de  |e (autor) 
240 1 1 |a [Vida y obra de Medrano] 
245 1 0 |a Vida y obra de Medrano :  |b edición crítica de sus obras /  |c F. de Medrano ; ed. de D. Alonso, S. Reckert. 
264 |a Madrid, España :  |b Consejo Superior de Investigaciones Científicas, Instituto Miguel de Cervantes,  |c 1958 
300 |a 432 p., 8 láminas 
336 |a texto  |b txt  |2 rdacontenido 
337 |a sin mediación  |b n  |2 rdamedio 
338 |a volumen  |b nc  |2 rdasoporte 
520 |a Nacido en Sevilla hacia el año 1569, el poeta andaluz Francisco de Medrano ingresó a la Compañía de Jesús en 1584 y abanadonó la vida religiosa 18 años después, para retirarse a una propiedad campestre donde se dedicó al estudio y la meditación. La poesía del sevillano muestra una fuerte influencia de Horacio y De Medrano es considerado uno de los mejores exponentes de poeta latino en lengua castellano, junto con fray Luis de León. El escritor andaluz falleció hacia el año 1607 y su poesía fue publicada de modo póstumo y parcialmente en Remedios de amor (1617). Tres y medio siglos más tarde, el madrileño Dámaso Alonso editaría la Vida y obra de Medrano, en dos tomos: Alonso dedica la primera entrega a la biografía y el estudio de la obra del sevillano, en tanto el segundo ofrece la edición crítica de las poesías de Francisco de Medrano. Alonso y Stpehen Reckert, coeditores del segundo tomo, depuran y fija el texto definitivo; comparan entre los impresos y manuscritos de Medrano para fundamentar las razones de preferencia y atienden a los valores expresivos de la especial ortografía y puntuación del poeta. Cada una de las poesías es acompañada de notas que precisan las fuentes y variantes textuales y de un análisis literario completo de la misma. 
520 |a Dámaso Alonso (1898-1989) forma parte de la brillante Generación del 27 que revaloró el barroco y renovó sustancialmente la poesía española. Sus obras poéticas incluyen: Poemas puros: poemillas de la ciudad (1921); Oscura noticia (1944); Hijos de la ira (1944); Hombre y Dios (1955); Gozos de la vista (1981), entre otros. En ensayo destaca La lengua poética de Góngora (1935); Estudios y ensayos gongorinos (1955); Seis calas en la expresión literaria española (1951). Obtuvo el Premio Cervantes en 1978. En estos Ensayos sobre poesía española, el madrileño Alonso se ocupa de las obras de fray Luis de León, Francisco de Quevedo Villegas, Luis de Góngora y Argote, Luis Carrillo, Gustavo Adolfo Bécquer, Gabriel Miró, Gerardo Diego, Federico García Lorca y Vicente Aleixandre, entre otros autores. 
649 |a XX 
650 |a Escritores Españoles 
650 |a Poesía Española 
650 |a Poesía Española -  |x Historia y Crítica 
650 |a Literatura Española -  |y Siglo XVII 
650 |a Literatura Española -  |y Epoca Clásica, 1500-1700 
650 |a Literatura Española -  |x Historia y Crítica 
650 |a Medrano, Francisco de 
700 |a Alonso, Dámaso  |e (edición) 
700 |a Reckert, Stephen  |e (edición) 
910 |a Fondo Salvador Reynoso Reynoso 
920 |a Impresos - Libros 
930 |a Fondos Especiales 
940 |a Literatura 
905 |a 112 
901 |a 0800007476  |b IT2  |c ESP  |u 20250521 
902 |a https://opac.biblio.iteso.mx/vufind/Record/000156917